Lontoota lähimpänä sijaitsevat pääkaupungit - Statistics

Yleistilastot
  • Tätä visaa on pelattu 530 kertaa
  • Keskiarvotulos 18 / 22
Vastaustilastot
km Pääkaupunki % Oikein
464 Dublin
98%
343 Pariisi
97%
933 Berliini
94%
1265 Madrid
94%
1155 Oslo
94%
358 Amsterdam
93%
321 Bryssel
92%
1435 Tukholma
89%
1236 Wien
87%
957 Kööpenhamina
86%
490 Luxemburg
86%
747 Bern
85%
1434 Rooma
83%
1035 Praha
79%
1008 Andorra la Vella
74%
1032 Monaco
70%
1260 San Marino
66%
850 Vaduz
64%
1289 Bratislava
63%
1432 Vatikaani
63%
1229 Ljubljana
59%
1339 Zagreb
52%
Ehtoja vastaavia visoja ei löytynyt
Tulosjakauma
Jokaisen tuloksen saaneiden osuus
Persentiili vastausten määrän mukaan
Tuloshistoriasi
Et ole pelannut tätä visaa